Les footballeurs quand ils étaient enfants - Statistiques

Statistiques générales
  • Ce quiz a été pris 1 209 fois
    710 depuis la dernière actualisation
  • Le résultat moyen est 11 sur 16
Statistiques - réponses
Par images Réponse % Correct
Kylian Mbappé
94%
Ronaldinho
93%
Cristiano Ronaldo
92%
Antoine Griezmann
91%
Neymar JR
90%
Wayne Rooney
85%
Kévin De Bruyne
80%
Lionel Messi
74%
Franck Ribery
72%
Zinedine Zidane
56%
Andres Iniesta
55%
Xavi
51%
Paolo Maldini
46%
David Beckham
45%
Karim Benzema
34%
Diego Maradona
27%
Aucun quiz correspondant
Distribution des résultats
% des personnes avec chaque résultat
Percentile par nombre de réponses
Votre historique - résultats
Vous n’avez pas pris ce quiz depuis la dernière actualisation